00740nam a2200241Ia 450000500170000000800460001703700110006304000080007404000080008204000080009004100080009804100080010608400080011410000710012224500750019326000090026830000100027765000130028770000820030094200070038299900210038995200880041020260430150117.0008 250103s9999 xx 000 0 eng d aTheses aCRL beng ceng 2eng aeng qCRL aThareja Rashi Au.; Panda Shiba C. Gu.; Ravinder Kumar Gu.91236491 0aSuccessful women entrepreneurs in india: A study of factors anf traits c2021 a340p. aCommerce aUniversity of Delhi. Faculty of Commerce and Business. Department of Commerce cTH c1848973d1848973 00104070aCRLbCRLd2026-04-30l0pTH0025944r2026-04-30 15:01:17w2026-04-30yTH